The New People Next Door: (Record no. 7149)

MARC details
000 -LEADER
fixed length control field 01015nam a22002297a 4500
003 - CONTROL NUMBER IDENTIFIER
control field GBCCL
005 - DATE AND TIME OF LATEST TRANSACTION
control field 20241126110621.0
008 - FIXED-LENGTH DATA ELEMENTS--GENERAL INFORMATION
fixed length control field 180119b xxu||||| |||| 00| 0 eng d
020 ## - INTERNATIONAL STANDARD BOOK NUMBER
International Standard Book Number 0955000718
040 ## - CATALOGING SOURCE
Transcribing agency gbc
082 ## - DEWEY DECIMAL CLASSIFICATION NUMBER
Classification number 266
Item number LAU
110 ## - MAIN ENTRY--CORPORATE NAME
Corporate name or jurisdiction name as entry element Lausanne Committee for World Evangelization.
9 (RLIN) 11009
245 ## - TITLE STATEMENT
Title The New People Next Door:
Remainder of title A Call to Seize the Opportunities
Statement of responsibility, etc. Lausanne Committee for World Evangelization.
260 ## - PUBLICATION, DISTRIBUTION, ETC.
Place of publication, distribution, etc. Thailand:
Name of publisher, distributor, etc. South Asian Concern for the Issue Group on Diaspora and International Students,
Date of publication, distribution, etc. 2005
300 ## - PHYSICAL DESCRIPTION
Extent 109 p.;
Other physical details ill.,
Dimensions 22 cm.
440 ## - SERIES STATEMENT/ADDED ENTRY--TITLE
Title Lausanne occasional paper, 55.
9 (RLIN) 11010
505 ## - FORMATTED CONTENTS NOTE
Formatted contents note "This occasional paper was prepared by the whole Issue Group and the principal writers were Tom Houston, Robin Thomson, Ram Gidoomal and leiton Chinn."--Title page verso.
650 ## - SUBJECT ADDED ENTRY--TOPICAL TERM
Topical term or geographic name entry element Missions -- Theory -- Congresses.
9 (RLIN) 11011
650 ## - SUBJECT ADDED ENTRY--TOPICAL TERM
Topical term or geographic name entry element Evangelistic work -- Congresses.
9 (RLIN) 11012
650 ## - SUBJECT ADDED ENTRY--TOPICAL TERM
Topical term or geographic name entry element Christianity and culture -- Congresses.
9 (RLIN) 11013
942 ## - ADDED ENTRY ELEMENTS (KOHA)
Source of classification or shelving scheme Dewey Decimal Classification
Koha item type Books
Koha issues (borrowed), all copies 2
Holdings
Withdrawn status Lost status Source of classification or shelving scheme Damaged status Not for loan Home library Current Library Shelving location Date acquired Total checkouts Full call number Barcode Date last seen Date last checked out Copy number Price effective from Koha item type
    Dewey Decimal Classification     GRACE BIBLE COLLEGE GRACE BIBLE COLLEGE Ministry & Mission 2018-07-13 2 266 LAU 014685 2025-05-01 2021-04-13 c.1 2018-07-13 Books
    Dewey Decimal Classification     GRACE BIBLE COLLEGE GRACE BIBLE COLLEGE Ministry & Mission 2018-07-13   266 LAU 014686 2025-05-01   c.2 2018-07-13 Books
© Grace Bible College Library 2025